Principles of reinsurance : (Record no. 101501)
[ view plain ]
| 000 -LEADER | |
|---|---|
| fixed length control field | 00709nam a2200217 a 4500 |
| 008 - FIXED-LENGTH DATA ELEMENTS--GENERAL INFORMATION | |
| fixed length control field | |
| 020 ## - INTERNATIONAL STANDARD BOOK NUMBER | |
| International Standard Book Number | 1853690570 (pbk) |
| 040 ## - CATALOGING SOURCE | |
| Original cataloging agency | MAIN |
| Transcribing agency | NUST |
| 090 ## - LOCALLY ASSIGNED LC-TYPE CALL NUMBER (OCLC); LOCAL CALL NUMBER (RLIN) | |
| Classification number (OCLC) (R) ; Classification number, CALL (RLIN) (NR) | HG8083 |
| Local cutter number (OCLC) ; Book number/undivided call number, CALL (RLIN) | PRI |
| 003 - CONTROL NUMBER IDENTIFIER | |
| control field | |
| 005 - DATE AND TIME OF LATEST TRANSACTION | |
| control field | 20230120193554.0 |
| 049 ## - LOCAL HOLDINGS (OCLC) | |
| Holding library | MAIN |
| 245 00 - TITLE STATEMENT | |
| Title | Principles of reinsurance : |
| Remainder of title | study course 830 / |
| Statement of responsibility, etc. | [prepared by] CII Tuition Service. |
| 260 ## - PUBLICATION, DISTRIBUTION, ETC. | |
| Place of publication, distribution, etc. | Cambridge : |
| Name of publisher, distributor, etc. | produced for the CII by Book Production Consultants, |
| Date of publication, distribution, etc. | 1991. |
| 300 ## - PHYSICAL DESCRIPTION | |
| Extent | 1 v. (various pagings) ; |
| Dimensions | 31 cm. |
| 504 ## - BIBLIOGRAPHY, ETC. NOTE | |
| Bibliography, etc. note | Includes index. |
| 650 #0 - SUBJECT ADDED ENTRY--TOPICAL TERM | |
| Topical term or geographic name entry element | Reinsurance |
| Geographic subdivision | United Kingdom. |
| 710 2# - ADDED ENTRY--CORPORATE NAME | |
| Corporate name or jurisdiction name as entry element | Chartered Insurance Institute. |
| 907 ## - LOCAL DATA ELEMENT G, LDG (RLIN) | |
| a | .b10113587 |
| b | 04-04-22 |
| c | 04-03-04 |
| 942 ## - ADDED ENTRY ELEMENTS (KOHA) | |
| Koha item type | Ordinary Loan Books |
| Call number prefix | HG8083 |
| Call number suffix | PRI |
| Date last seen | Total Checkouts | Full call number | Barcode | Cost, replacement price | Price effective from | Koha item type | Lost status | Source of classification or shelving scheme | Damaged status | Not for loan | Collection | Withdrawn status | Home library | Current library | Shelving location | Date acquired | Cost, normal purchase price |
|---|---|---|---|---|---|---|---|---|---|---|---|---|---|---|---|---|---|
| 01/20/2023 | 87 | HG8083 TUI | 92003006599 | 80.00 | 01/20/2023 | BOOKS-SL | LCC | NFIC | MAIN | MAIN | GEN | 01/20/2023 | 80.00 |